| 000 | 00333nam a2200121Ia 4500 | ||
|---|---|---|---|
| 008 | 230907s9999||||xx |||||||||||||| ||und|| | ||
| 082 |
_a620.163 _bDIE |
||
| 100 |
_aDieter, George E., _918864 |
||
| 245 | 0 | _aMechanical metallurgy / | |
| 260 |
_aMcGraw-Hill, _bNew York : | New Delhi : _c2019 |
||
| 300 | _axxiii, 751 p. : | ||
| 942 | _cBK | ||
| 999 |
_c598615 _d598615 |
||